000 00907nam a2200241 4500
003 CBULib
005 20240424101006.0
008 240424b |||||||| |||| 00| 0 eng d
020 _a9789211128871
040 _aCBULib
_bEnglish
_cCBULib
_erda
041 _aeng
050 _aUNCTAD(058)IER/2012A
110 _aUnited Nations Conference on Trade and Development (UNCTAD)
245 _aInformation economy report 2015: unlocking the potential of e-commerce for developing countries
_c/ by United Nations Conference on Trade and Development (UNCTAD)
260 _aGeneva :
_bUnited Nations,
_c2015
300 _axiv, 120 pages : illustrations
336 _2rdacontent
_aText |
_btxt
337 _2rdamedia
_aUnmediated |
_bn
338 _2rdacarrier
_aVolume
_bnc
650 _aELECTRONIC COMMERCE--DEVELOPING COUNTRIES
650 _aDEVELOPING COUNTRIES--ECONOMIC POLICY--PERIODICALS
942 _c029
_2mc
999 _c84965
_d84965